000 00704cam a2200205 a 4500
001 000009216
005 20200929161524.0
008 730410s1968 ve 000 f spa d
040 _aDO-SdBNP
_bspa
_cBNPHU
082 _aU863.44
_bO58n
100 1 _aOnetti, Juan Carlos,
_d1909-1994
_923877
245 1 0 _aNovelas cortas completas /
_cJuan Carlos Onetti.
260 _aCaracas, Venezuela :
_bMonte Ávila,
_c[1968].
300 _a235 p. ;
_c20 cm.
490 1 _aPrisma
505 0 _aEl pozo. -- Los adioses. -- La cara de la desgracia. -- Tan triste como ella. --Para una tumba sin nombre.
650 4 _aNovela uruguaya
_95679
650 4 _aLiteratura uruguaya
_ySIGLO XX
_916336
830 0 _aPrisma.
_93770
999 _c8979
_d8979